| 000 | 00338nam a22001217a 4500 | ||
|---|---|---|---|
| 008 | 180419b xxu||||| |||| 00| 0 eng d | ||
| 041 | _aeng | ||
| 080 | _a043.3 | ||
| 100 | _a0 | ||
| 101 | _aSHP-BTH | ||
| 245 |
_aRoli i Mesazhit te BE-se ne Qendrimet e Njerezve ndaj te Drejtave te Grave: Rasti i Shqiperise _cSalihu, E |
||
| 942 |
_2udc _cBK |
||
| 999 |
_c45296 _d45296 |
||